000 00261 a2200133 4500
001 194826
040 _cMagnum
100 _aAzevedo, Aluísio
240 1 0 _aDemônios
_lpor
245 1 0 _aDemônios
300 _a22
697 _aLITERATURA GERAL
942 _cBK
999 _c194826
_d194826